000 00602nam a2200193Ia 4500
003 GCL
008 140319s9999 xx 000 0 ara d
040 _aGCL /
_cGCL
082 0 4 _a247.9
_bم ط
100 1 _aمحمد كامل حسين
245 1 0 _aطائفة الاسماعيلية : تاريخها - نظمها - عقائدها /
_cمحمد كامل حسين
700 1 _aاحمد عزت عبدالكريم
300 _a190 ص
490 _aالمكتبة التاريخية
_v0
650 0 4 _aالاسلام
650 0 4 _aالشيعة
650 0 4 _aالاسماعيلية
942 _2ddc
_cBK
999 _c47043
_d47043